000 00605nam a2200205 a 4500
001 68125
003 BD-RjUL
005 20211209081732.0
008 170330s1961 cau b 001 0 eng
035 _a(BD-RjUL)68334
040 _aDLC
_cCarP
_dBD-RjUL
_beng
041 _aeng
082 _223
_a519.3
_bDRG 1961
100 1 _aDresher, Melvin.
_9201951
245 1 0 _aGames of strategy :
_b theory and applications /
_cMelvin Dresher
260 _aEnglewood Cliffs, N.J. :
_b Prentice-Hall,
_c1961
300 _aXII,186 p. ;
_c28 cm.
650 0 _aGames of strategy (Mathematics)
_9201952
942 _2ddc
_cBK
999 _c68125
_d68125